[Event "Oberliga Ost A"]
[Site "?"]
[Date "2021.10.10"]
[Round "1.1"]
[White "Eichner, Sebastian"]
[Black "Burian, Simon"]
[Result "1-0"]
[WhiteElo "2350"]
[BlackElo "2183"]
[PlyCount "71"]
[EventDate "2021.10.10"]
[EventType "team-tourn"]
[EventCountry "GER"]
[WhiteTeam "Aue ESV Nickelhuette"]
[BlackTeam "Plauen SK Koenig"]
[WhiteTeamCountry "GER"]
[BlackTeamCountry "GER"]

1. d4 Nf6 2. Bg5 e6 3. e4 c5 4. d5 h6 5. Bxf6 Qxf6 6. Nc3 d6 7. Nf3 e5 8. Nd2
Nd7 9. a4 Be7 10. Bd3 O-O 11. Qe2 a6 12. a5 b5 13. axb6 Nxb6 14. O-O a5 15. Ra3
Qg5 16. Rfa1 Bh3 17. g3 Bd8 18. Bb5 f5 19. exf5 Bxf5 20. Bc6 Rb8 21. Nde4 Qg6
22. Rxa5 Nc4 23. Rb5 Rxb5 24. Bxb5 Nb6 25. f3 Bh3 26. Nf2 Bc8 27. Ra7 Rf7 28.
Be8 Bd7 29. Bxf7+ Qxf7 30. Nfe4 Nc8 31. Ra8 Bh3 32. Nxd6 Nxd6 33. Rxd8+ Ne8 34.
Qxe5 Qxf3 35. Qxe8+ Kh7 36. Qe4+ 1-0

[Event "Oberliga Ost A"]
[Site "?"]
[Date "2021.10.10"]
[Round "1.2"]
[White "Zaehringer, Daniel"]
[Black "Spiess, Gunter"]
[Result "1/2-1/2"]
[WhiteElo "2131"]
[BlackElo "2391"]
[PlyCount "64"]
[EventDate "2021.10.10"]
[EventType "team-tourn"]
[EventCountry "GER"]
[WhiteTeam "Plauen SK Koenig"]
[BlackTeam "Aue ESV Nickelhuette"]
[WhiteTeamCountry "GER"]
[BlackTeamCountry "GER"]

1. d4 d5 2. c4 c6 3. Nc3 Nf6 4. cxd5 cxd5 5. Bf4 Nc6 6. e3 a6 7. Bd3 Bg4 8.
Nge2 e6 9. O-O Be7 10. Na4 Nd7 11. Rc1 Rc8 12. f3 Bh5 13. Bg3 Bg6 14. Nf4 Bxd3
15. Nxd3 O-O 16. Qd2 Qa5 17. Qxa5 Nxa5 18. b3 Nc6 19. Rc2 Na7 20. Rfc1 Rxc2 21.
Rxc2 Rc8 22. Rxc8+ Nxc8 23. Kf2 Kf8 24. Ke2 Ke8 25. Nc3 Na7 26. Kd2 Nc6 27. Ne2
g6 28. Kc3 Bg5 29. Bf4 Bf6 30. Bd6 Bg5 31. Bf4 Bf6 32. Bd6 Bg5 1/2-1/2

[Event "Oberliga Ost A"]
[Site "?"]
[Date "2021.10.10"]
[Round "1.3"]
[White "Langrock, Hannes"]
[Black "Kunze, Carlo"]
[Result "1/2-1/2"]
[WhiteElo "2356"]
[BlackElo "2264"]
[PlyCount "68"]
[EventDate "2021.10.10"]
[EventType "team-tourn"]
[EventCountry "GER"]
[WhiteTeam "Aue ESV Nickelhuette"]
[BlackTeam "Plauen SK Koenig"]
[WhiteTeamCountry "GER"]
[BlackTeamCountry "GER"]

1. d4 Nf6 2. c4 e6 3. g3 Bb4+ 4. Bd2 Bxd2+ 5. Qxd2 O-O 6. Bg2 d6 7. e3 e5 8.
Ne2 c6 9. Nbc3 Bg4 10. h3 Bxe2 11. Nxe2 e4 12. g4 d5 13. cxd5 cxd5 14. Ng3 Nc6
15. O-O Qd7 16. f3 exf3 17. Rxf3 Ne8 18. Ne2 Ne7 19. Nc3 Nd6 20. Qd3 Qe6 21.
Rf2 Rad8 22. b3 b6 23. Re1 f5 24. gxf5 Ndxf5 25. e4 Nh4 26. Qg3 Rxf2 27. Qxf2
Nxg2 28. Qxg2 dxe4 29. Qxe4 Qxe4 30. Rxe4 Kf7 31. Rf4+ Ke6 32. Re4+ Kf7 33.
Rf4+ Ke6 34. Re4+ Kf7 1/2-1/2

[Event "Oberliga Ost A"]
[Site "?"]
[Date "2021.10.10"]
[Round "1.4"]
[White "Sandner, Gunter"]
[Black "Solberg, Joachim"]
[Result "1/2-1/2"]
[WhiteElo "2258"]
[BlackElo "2221"]
[PlyCount "88"]
[EventDate "2021.10.10"]
[EventType "team-tourn"]
[EventCountry "GER"]
[WhiteTeam "Plauen SK Koenig"]
[BlackTeam "Aue ESV Nickelhuette"]
[WhiteTeamCountry "GER"]
[BlackTeamCountry "GER"]

1. d4 Nf6 2. Nf3 e6 3. g3 b6 4. Bg2 Bb7 5. O-O Be7 6. c4 O-O 7. Nc3 Ne4 8. Qc2
Nxc3 9. Qxc3 c5 10. Bf4 d6 11. Rad1 Qc7 12. d5 Bf6 13. Qc2 exd5 14. cxd5 Qe7
15. Rfe1 Nd7 16. e4 Rad8 17. h3 Rfe8 18. Nh2 Ne5 19. Bd2 c4 20. Bc3 Nd3 21. Re3
b5 22. a3 h5 23. Nf3 Bxc3 24. Qxc3 a6 25. Rd2 Rc8 26. Rde2 Qd8 27. Nd4 g6 28.
Kh2 Kh7 29. f4 h4 30. Nf3 hxg3+ 31. Kxg3 a5 32. h4 b4 33. axb4 axb4 34. Qd4 Nc1
35. Rc2 Nb3 36. Qa7 Nc5 37. Ng5+ Kg8 38. Qa1 Bxd5 39. Qd1 Nd3 40. b3 Qf6 41.
Qg4 Qd4 42. Qe2 Qf6 43. Qg4 Qd4 44. Qe2 Qf6 1/2-1/2

[Event "Oberliga Ost A"]
[Site "?"]
[Date "2021.10.10"]
[Round "1.5"]
[White "Wichmann, Cliff"]
[Black "Schaller, Sven"]
[Result "0-1"]
[WhiteElo "2305"]
[BlackElo "2244"]
[PlyCount "124"]
[EventDate "2021.10.10"]
[EventType "team-tourn"]
[EventCountry "GER"]
[WhiteTeam "Aue ESV Nickelhuette"]
[BlackTeam "Plauen SK Koenig"]
[WhiteTeamCountry "GER"]
[BlackTeamCountry "GER"]

{[%evp 0,79,32,16,35,-20,-10,-10,20,13,15,20,0,9,45,50,44,6,55,16,20,20,53,6,
27,31,27,14,62,62,62,46,55,33,31,41,41,0,0,0,-4,-1,3,-19,0,14,0,-63,-61,-31,
-35,-53,-59,-56,-50,-47,-41,-49,-34,-57,-64,-74,-62,-74,-67,-78,-47,-54,-78,
-144,-78,-85,-48,-87,-37,-47,-36,-62,-53,-62,-54,-101]} 1. d4 d5 2. c4 e6 3.
Nf3 Nf6 4. Nc3 Be7 5. Bf4 O-O 6. e3 c5 7. dxc5 Bxc5 8. Qc2 Qe7 9. Be2 Nc6 10.
O-O h6 11. Ne5 Nxe5 12. Bxe5 dxc4 13. Rfd1 Nd7 14. Bg3 Nb6 15. Ne4 e5 16. Bxc4
Nxc4 17. Qxc4 Bb6 18. Rd5 Be6 19. Rxe5 Rac8 20. Qe2 f6 21. Rh5 Bxa2 22. Nd6 Rc6
23. Rh4 Be6 24. Nb5 Rfc8 25. Nc3 a6 26. h3 Ba7 27. Qf3 Rd8 28. Rd1 Rxd1+ 29.
Qxd1 Qd7 30. Qe2 b5 31. Kh2 Rc8 32. Qf3 Rf8 33. Ne2 Bd5 34. Qh5 Bf7 35. Qf3 Qd5
36. Qg4 f5 37. Qb4 Re8 38. Qa5 Qb7 39. Nd4 Bb6 40. Qa1 Qc8 41. Qb1 Bg6 42. Rf4
Re5 43. Nf3 Rd5 44. Nh4 Bh7 45. Qa2 Qe6 46. Nf3 g5 47. Rb4 Bc5 48. Rb3 f4 49.
exf4 gxf4 50. Bh4 b4 51. Qa5 Bxf2 52. Qxb4 Bg3+ 53. Bxg3 fxg3+ 54. Kxg3 Rb5 55.
Qxb5 axb5 56. Rxb5 Qd6+ 57. Kf2 Be4 58. Rb3 Qc5+ 59. Kg3 Qc7+ 60. Kg4 Qg7+ 61.
Kh4 Bxf3 62. Rxf3 Qg5# 0-1

[Event "Oberliga Ost A"]
[Site "?"]
[Date "2021.10.10"]
[Round "1.6"]
[White "Hoerr, Matthias"]
[Black "Heinz, Juergen"]
[Result "1/2-1/2"]
[WhiteElo "2145"]
[BlackElo "2170"]
[PlyCount "104"]
[EventDate "2021.10.10"]
[EventType "team-tourn"]
[EventCountry "GER"]
[WhiteTeam "Plauen SK Koenig"]
[BlackTeam "Aue ESV Nickelhuette"]
[WhiteTeamCountry "GER"]
[BlackTeamCountry "GER"]

1. c4 e5 2. g3 Nc6 3. Bg2 g6 4. Nc3 Bg7 5. Rb1 a5 6. a3 b6 7. e3 Nge7 8. Nge2
O-O 9. O-O f5 10. d3 d6 11. b4 axb4 12. axb4 Bb7 13. Qb3 Kh8 14. Bb2 Qd7 15.
Ra1 h6 16. Rxa8 Rxa8 17. Ra1 Rxa1+ 18. Bxa1 Nd8 19. Bxb7 Nxb7 20. Qa2 Nd8 21.
Qa7 Ne6 22. Qa8+ Kh7 23. Bb2 f4 24. exf4 exf4 25. Bc1 Ng5 26. Bxf4 Nh3+ 27. Kf1
Nxf4 28. gxf4 Qh3+ 29. Qg2 Qxd3 30. Qe4 Qh3+ 31. Qg2 Qd7 32. b5 Qf5 33. Qe4
Qh3+ 34. Qg2 Qh5 35. Ne4 Qf5 36. Qf3 d5 37. cxd5 Qxd5 38. N2g3 Qxb5+ 39. Kg2 c6
40. h4 Nf5 41. Qg4 Nxg3 42. Nxg3 Qd5+ 43. Kg1 h5 44. Qe2 Bf6 45. f5 Bxh4 46.
Qe8 Qg8 47. Qd7+ Kh6 48. Qxc6 Bxg3 49. fxg3 Kg5 50. Qxb6 Kxf5 51. Qf2+ Ke5 52.
Qf4+ Kd5 1/2-1/2

[Event "Oberliga Ost A"]
[Site "?"]
[Date "2021.10.10"]
[Round "1.7"]
[White "Schramm, Torsten"]
[Black "Fischer, Erik"]
[Result "1/2-1/2"]
[WhiteElo "2230"]
[BlackElo "2028"]
[PlyCount "90"]
[EventDate "2021.10.10"]
[EventType "team-tourn"]
[EventCountry "GER"]
[WhiteTeam "Aue ESV Nickelhuette"]
[BlackTeam "Plauen SK Koenig"]
[WhiteTeamCountry "GER"]
[BlackTeamCountry "GER"]

1. Nf3 d5 2. d4 Nf6 3. c4 c6 4. cxd5 cxd5 5. g3 Bf5 6. Nc3 Nc6 7. a3 a6 8. Bg2
e6 9. O-O Be7 10. Bf4 O-O 11. Ne5 Rc8 12. Nxc6 Rxc6 13. Qd2 b5 14. Rfc1 Qb6 15.
Bg5 h6 16. Bxf6 Bxf6 17. e3 Rfc8 18. Na2 Rc2 19. Qd1 a5 20. Bf1 b4 21. axb4
axb4 22. b3 Be7 23. Bd3 Bxd3 24. Qxd3 Qc6 25. Kg2 g6 26. Rab1 Kg7 27. Rxc2 Qxc2
28. Qxc2 Rxc2 29. Nc1 f6 30. Kf1 e5 31. dxe5 fxe5 32. Nd3 Kf6 33. Rc1 Rd2 34.
Nc5 Rb2 35. Kg2 Kf5 36. h3 h5 37. Kf3 g5 38. g4+ hxg4+ 39. hxg4+ Kf6 40. Kg3
Bxc5 41. Rxc5 d4 42. Kf3 Rxb3 43. Ke4 Rc3 44. Rxe5 dxe3 45. Rf5+ Kg6 1/2-1/2

[Event "Oberliga Ost A"]
[Site "?"]
[Date "2021.10.10"]
[Round "1.8"]
[White "Pivtorak, Ilya"]
[Black "Poessel, Christian"]
[Result "0-1"]
[WhiteElo "1630"]
[BlackElo "2001"]
[PlyCount "114"]
[EventDate "2021.10.10"]
[EventType "team-tourn"]
[EventCountry "GER"]
[WhiteTeam "Plauen SK Koenig"]
[BlackTeam "Aue ESV Nickelhuette"]
[WhiteTeamCountry "GER"]
[BlackTeamCountry "GER"]

1. d4 d6 2. c4 Nf6 3. Nc3 Nbd7 4. e4 e5 5. Nf3 Be7 6. d5 O-O 7. Bd3 Nc5 8. Bc2
a5 9. O-O Bg4 10. h3 Bh5 11. Be3 b6 12. Bxc5 bxc5 13. Ba4 Bg6 14. Nd2 Nh5 15.
Bc6 Rb8 16. Rb1 Bg5 17. Nb3 Nf4 18. Nxa5 f5 19. f3 Nxh3+ 20. gxh3 Be3+ 21. Kh2
Qg5 22. Qe2 fxe4 23. fxe4 Rxf1 24. Rxf1 Bf4+ 25. Kh1 Qg3 26. Qg2 Qd3 27. Bb5
Bh5 28. Nc6 Rf8 29. Ne7+ Kh8 30. Nf5 g6 31. Nh4 Kg7 32. Nf5+ Kf6 33. Ng3 Ke7
34. Nxh5 gxh5 35. Rf3 Qd4 36. Qf2 Rg8 37. Qxd4 cxd4 38. Ne2 Be3 39. Ng3 Kd8 40.
Nxh5 Rg1+ 41. Kh2 Rb1 42. Rg3 Rxb2+ 43. Rg2 Rb1 44. a4 d3 45. c5 d2 46. Be2
dxc5 47. Rg3 Re1 48. Bg4 c4 49. Ng7 c3 50. Ne6+ Kc8 51. Nc5+ Kb8 52. Nd3 c2 53.
Bd7 Rh1+ 54. Kxh1 d1=Q+ 55. Kh2 Qxd3 56. Rg8+ Ka7 57. Bb5 Bf4+ 0-1

[Event "Oberliga Ost A"]
[Site "?"]
[Date "2021.10.10"]
[Round "1.1"]
[White "Mueller, Frank"]
[Black "Matthey, Harald"]
[Result "1-0"]
[WhiteElo "2270"]
[BlackElo "2104"]
[PlyCount "121"]
[EventDate "2021.10.10"]
[EventType "team-tourn"]
[EventCountry "GER"]
[WhiteTeam "Leipzig VfB"]
[BlackTeam "Dessau SK"]
[WhiteTeamCountry "GER"]
[BlackTeamCountry "GER"]

1. d4 g6 2. Nf3 Bg7 3. c4 e6 4. Nc3 d5 5. Bf4 a6 6. e3 Ne7 7. Rc1 O-O 8. Qb3
Nbc6 9. cxd5 exd5 10. Be2 h6 11. O-O Re8 12. Rfd1 b6 13. Ne5 Nxe5 14. Bxe5 Bxe5
15. dxe5 Be6 16. Qc2 c5 17. Ne4 Kg7 18. Nf6 Rf8 19. Bf3 Ra7 20. Qc3 Qa8 21. Rd2
Rd8 22. Rcd1 Rc7 23. h4 b5 24. Qa5 Rcc8 25. a3 Nc6 26. Qc3 b4 27. Qc1 Ne7 28.
Rc2 bxa3 29. bxa3 c4 30. h5 g5 31. Rd4 Qb8 32. Ng4 Nc6 33. Rb2 Nxd4 34. Rxb8
Nxf3+ 35. gxf3 Rxb8 36. Nf6 Rdc8 37. Qc2 Rh8 38. f4 gxf4 39. exf4 d4 40. Qd2 c3
41. Qd3 Rbc8 42. a4 a5 43. f5 Bb3 44. Qg3+ Kf8 45. e6 fxe6 46. Qd6+ Kf7 47. Ng4
Rhd8 48. fxe6+ Bxe6 49. Nxh6+ Kf6 50. Qf4+ Ke7 51. Qh4+ Ke8 52. Qf6 Rd6 53. Nf5
Bxf5 54. Qxd6 c2 55. Qe5+ Kd8 56. Qxd4+ Ke7 57. Qe5+ Be6 58. Qg5+ Kd6 59. Qc1
Bf5 60. h6 Rg8+ 61. Kh2 1-0

[Event "Oberliga Ost A"]
[Site "?"]
[Date "2021.10.10"]
[Round "1.2"]
[White "Schubert, Ralf"]
[Black "Heinrich, Thomas"]
[Result "1/2-1/2"]
[WhiteElo "2107"]
[BlackElo "2172"]
[PlyCount "36"]
[EventDate "2021.10.10"]
[EventType "team-tourn"]
[EventCountry "GER"]
[WhiteTeam "Dessau SK"]
[BlackTeam "Leipzig VfB"]
[WhiteTeamCountry "GER"]
[BlackTeamCountry "GER"]

1. d4 Nf6 2. Nc3 c5 3. d5 e5 4. e4 d6 5. Bd3 Be7 6. Nge2 Nbd7 7. O-O Nf8 8. Ng3
Ng6 9. Bb5+ Nd7 10. Nf5 O-O 11. Nxe7+ Qxe7 12. Be3 a6 13. Be2 Nf6 14. f3 Bd7
15. Qd2 Ne8 16. Rfb1 b5 17. b4 cxb4 18. Rxb4 Nc7 1/2-1/2

[Event "Oberliga Ost A"]
[Site "?"]
[Date "2021.10.10"]
[Round "1.3"]
[White "Collini, Carsten"]
[Black "Erler, Rainer"]
[Result "1/2-1/2"]
[WhiteElo "2112"]
[BlackElo "2100"]
[PlyCount "108"]
[EventDate "2021.10.10"]
[EventType "team-tourn"]
[EventCountry "GER"]
[WhiteTeam "Leipzig VfB"]
[BlackTeam "Dessau SK"]
[WhiteTeamCountry "GER"]
[BlackTeamCountry "GER"]

1. e4 e5 2. Nf3 Nc6 3. Bc4 Nf6 4. Ng5 Bc5 5. Bxf7+ Ke7 6. Bd5 Rf8 7. O-O d6 8.
c3 Bg4 9. Qe1 h6 10. h3 hxg5 11. hxg4 Qd7 12. d4 exd4 13. Bxc6 Qxc6 14. e5 dxe5
15. Qxe5+ Kf7 16. cxd4 Bd6 17. Qxg5 Rh8 18. Bf4 Rh6 19. Nc3 Rg6 20. Qf5 Bxf4
21. Qxf4 Rxg4 22. d5 Qd7 23. Qe3 Nxd5 24. Qf3+ Nf6 25. Rad1 Qc6 26. Qxc6 bxc6
27. f3 Rc4 28. Rd3 Re8 29. Kf2 Nd5 30. Rfd1 Re7 31. Nxd5 cxd5 32. Rxd5 c6 33.
R5d4 Rc2+ 34. R1d2 Rc1 35. Rd7 Ke8 36. Rxe7+ Kxe7 37. Ke3 Ke6 38. Kf4 Rc5 39.
Re2+ Kf6 40. b3 Rd5 41. Rc2 c5 42. Ke4 Ke6 43. f4 Rd4+ 44. Ke3 Kd5 45. Rc3 Re4+
46. Kf3 Rd4 47. g3 Rd2 48. a3 Kd4 49. Rc4+ Kd5 50. Rc3 Kd4 51. Re3 Rd1 52. Re4+
Kd5 53. Re5+ Kd4 54. Re4+ Kd5 1/2-1/2

[Event "Oberliga Ost A"]
[Site "?"]
[Date "2021.10.10"]
[Round "1.5"]
[White "Rohne, Lars"]
[Black "Ozeran, Volodymyr"]
[Result "0-1"]
[WhiteElo "2123"]
[BlackElo "2069"]
[PlyCount "66"]
[EventDate "2021.10.10"]
[EventType "team-tourn"]
[EventCountry "GER"]
[WhiteTeam "Leipzig VfB"]
[BlackTeam "Dessau SK"]
[WhiteTeamCountry "GER"]
[BlackTeamCountry "GER"]

1. e4 c6 2. d4 d5 3. e5 Bf5 4. Nd2 e6 5. Nb3 Nd7 6. Nf3 Ne7 7. Be3 Qc7 8. Be2
c5 9. Nxc5 Nxc5 10. dxc5 Nc6 11. c3 Be4 12. b4 Be7 13. O-O O-O 14. Nd2 Qxe5 15.
Nxe4 Qxe4 16. Bd3 Qh4 17. g3 Qf6 18. Qc2 h6 19. f4 d4 20. Bd2 Rac8 21. Be4 b6
22. Bxc6 Rxc6 23. Qe4 dxc3 24. Be3 Rfc8 25. b5 Rxc5 26. Bxc5 Bxc5+ 27. Kg2 Qe7
28. Rac1 Bb4 29. Rfd1 Qc5 30. a4 c2 31. Rd3 g6 32. Qe3 Qxe3 33. Rxe3 Bd2 0-1

[Event "Oberliga Ost A"]
[Site "?"]
[Date "2021.10.10"]
[Round "1.6"]
[White "Schneider, Jens Erik"]
[Black "Mueller, Giso"]
[Result "1/2-1/2"]
[WhiteElo "2026"]
[BlackElo "2116"]
[PlyCount "66"]
[EventDate "2021.10.10"]
[EventType "team-tourn"]
[EventCountry "GER"]
[WhiteTeam "Dessau SK"]
[BlackTeam "Leipzig VfB"]
[WhiteTeamCountry "GER"]
[BlackTeamCountry "GER"]

1. d4 Nf6 2. c4 c5 3. d5 b5 4. cxb5 a6 5. Nc3 Qa5 6. bxa6 Bxa6 7. h4 e6 8. dxe6
fxe6 9. Bd2 Qb6 10. b3 Be7 11. Nf3 O-O 12. Rh3 Nc6 13. e3 Nb4 14. Na4 Qb8 15.
Bxa6 Rxa6 16. Bxb4 cxb4 17. Rc1 Rd6 18. Qe2 Rc8 19. Rc4 Rdc6 20. Nd2 d5 21.
Rxc6 Rxc6 22. Qd3 e5 23. e4 dxe4 24. Nxe4 Qc8 25. Nxf6+ Bxf6 26. Qd5+ Kh8 27.
Rd3 h6 28. g3 e4 29. Rd1 Qe8 30. Kf1 Rc2 31. Rd2 Rc1+ 32. Rd1 Rc2 33. Rd2 Rc1+
1/2-1/2

[Event "Oberliga Ost A"]
[Site "?"]
[Date "2021.10.10"]
[Round "1.7"]
[White "Schoen, Florian"]
[Black "Weder, Axel"]
[Result "0-1"]
[WhiteElo "1646"]
[BlackElo "2040"]
[PlyCount "86"]
[EventDate "2021.10.10"]
[EventType "team-tourn"]
[EventCountry "GER"]
[WhiteTeam "Leipzig VfB"]
[BlackTeam "Dessau SK"]
[WhiteTeamCountry "GER"]
[BlackTeamCountry "GER"]

1. e4 c5 2. Nc3 Nc6 3. f4 g6 4. Nf3 Bg7 5. Bb5 Nd4 6. a4 e6 7. O-O Ne7 8. Nxd4
cxd4 9. Nb1 O-O 10. Be2 d6 11. d3 Bd7 12. c4 f5 13. Qe1 Bc6 14. Bf3 Qd7 15. b3
Rae8 16. Ba3 e5 17. fxe5 dxe5 18. Nd2 Rf7 19. b4 b6 20. b5 Bb7 21. Nb3 fxe4 22.
Bxe4 Rxf1+ 23. Qxf1 Nf5 24. Qf3 Bxe4 25. Qxe4 Ne3 26. Rc1 Qf7 27. Nd2 Bf8 28.
Bxf8 Rxf8 29. Nf3 Re8 30. c5 Qa2 31. Nxd4 bxc5 32. Qc6 Re7 33. b6 axb6 34. Nb5
e4 35. Qc8+ Kg7 36. Qh3 exd3 37. Nd6 d2 38. Ne8+ Kh8 39. Rf1 Nxf1 40. Qc3+ Kg8
41. Nf6+ Kf7 42. Ng4 d1=Q 43. Nh6+ Ke8 0-1

[Event "Oberliga Ost A"]
[Site "?"]
[Date "2021.10.10"]
[Round "1.1"]
[White "Dahl, Christoph"]
[Black "Orsag, Milan"]
[Result "1-0"]
[WhiteElo "2352"]
[BlackElo "2312"]
[PlyCount "69"]
[EventDate "2021.10.10"]
[EventType "team-tourn"]
[EventCountry "GER"]
[WhiteTeam "Dresden SG Gruen Weiss"]
[BlackTeam "Hoyerswerda FVS ASP"]
[WhiteTeamCountry "GER"]
[BlackTeamCountry "GER"]

1. e4 c5 2. Nf3 e6 3. d4 cxd4 4. Nxd4 Nc6 5. Nc3 a6 6. Be3 Nf6 7. Qf3 Bd6 8.
O-O-O Be5 9. Nxc6 bxc6 10. Bf4 Qa5 11. Bxe5 Qxe5 12. Bd3 d5 13. exd5 cxd5 14.
h4 O-O 15. g4 Bb7 16. g5 Nd7 17. Rhe1 Qc7 18. Kb1 Rab8 19. Qh5 g6 20. Qg4 e5
21. h5 Rfe8 22. hxg6 fxg6 23. Qh3 Nf8 24. Bxa6 d4 25. Bxb7 Qxb7 26. Na4 Qc6 27.
Qa3 Ra8 28. b3 Reb8 29. Kc1 Nd7 30. f4 Qf3 31. fxe5 Qf4+ 32. Kb1 d3 33. Rxd3
Rxa4 34. Qd6 Ra7 35. Qe6+ 1-0

[Event "Oberliga Ost A"]
[Site "?"]
[Date "2021.10.10"]
[Round "1.4"]
[White "Jahnel, Guenther"]
[Black "Gehmlich, Marcel"]
[Result "1/2-1/2"]
[WhiteElo "2185"]
[BlackElo "2188"]
[PlyCount "34"]
[EventDate "2021.10.10"]
[EventType "team-tourn"]
[EventCountry "GER"]
[WhiteTeam "Hoyerswerda FVS ASP"]
[BlackTeam "Dresden SG Gruen Weiss"]
[WhiteTeamCountry "GER"]
[BlackTeamCountry "GER"]

1. d4 Nf6 2. c4 e6 3. Nc3 Bb4 4. Nf3 b6 5. e3 Bb7 6. Bd2 O-O 7. a3 Bxc3 8. Bxc3
Ne4 9. Rc1 d6 10. Bd3 f5 11. O-O Nd7 12. b4 Nxc3 13. Rxc3 e5 14. Bb1 Qf6 15.
dxe5 Nxe5 16. Nxe5 dxe5 17. c5 Rfd8 1/2-1/2

[Event "Oberliga Ost A"]
[Site "?"]
[Date "2021.10.10"]
[Round "1.5"]
[White "Nake, Matthias"]
[Black "Boehm, Robert"]
[Result "1/2-1/2"]
[WhiteElo "2162"]
[BlackElo "2144"]
[PlyCount "61"]
[EventDate "2021.10.10"]
[EventType "team-tourn"]
[EventCountry "GER"]
[WhiteTeam "Dresden SG Gruen Weiss"]
[BlackTeam "Hoyerswerda FVS ASP"]
[WhiteTeamCountry "GER"]
[BlackTeamCountry "GER"]

1. e4 c5 2. Nc3 Nc6 3. d3 g6 4. Be3 d6 5. g3 Bg7 6. Qd2 Rb8 7. Bg2 b5 8. Nge2
b4 9. Nd1 Nd4 10. h3 Qc7 11. O-O Nxe2+ 12. Qxe2 Nf6 13. Qd2 O-O 14. Bh6 c4 15.
Bxg7 Kxg7 16. d4 c3 17. bxc3 Ba6 18. Re1 bxc3 19. Qxc3 Qxc3 20. Nxc3 Rfc8 21.
Re3 Rb4 22. e5 Ne8 23. Nd5 Rxd4 24. Ra3 Bb5 25. Rxa7 Rxc2 26. a4 Bc6 27. Ne3
Rc5 28. Rxe7 Kf8 29. exd6 Bxa4 30. Ra7 Bb5 31. Ra8 1/2-1/2

[Event "Oberliga Ost A"]
[Site "?"]
[Date "2021.10.10"]
[Round "1.6"]
[White "Grohmann, Alexander"]
[Black "Zimmermann, Rene"]
[Result "0-1"]
[WhiteElo "1984"]
[BlackElo "2194"]
[PlyCount "94"]
[EventDate "2021.10.10"]
[EventType "team-tourn"]
[EventCountry "GER"]
[WhiteTeam "Hoyerswerda FVS ASP"]
[BlackTeam "Dresden SG Gruen Weiss"]
[WhiteTeamCountry "GER"]
[BlackTeamCountry "GER"]

1. e4 e6 2. d4 d5 3. Nc3 Bb4 4. exd5 exd5 5. Bd3 Nc6 6. a3 Ba5 7. Be3 Nge7 8.
Qf3 Be6 9. b4 Bb6 10. Nce2 Qd7 11. h3 Bf5 12. Bxf5 Nxf5 13. c3 Nce7 14. Nf4 a5
15. Rd1 O-O 16. Nge2 c6 17. O-O Rfe8 18. Bd2 Nd6 19. Ng3 Bc7 20. Nfh5 Ndf5 21.
Qg4 Qe6 22. Nf4 Qf6 23. Rde1 Nh6 24. Qf3 Nhf5 25. Nfh5 Qg6 26. Bf4 Bxf4 27.
Nxf4 Qg5 28. Re5 f6 29. Re6 Nxg3 30. fxg3 Ng6 31. Rfe1 Rxe6 32. Rxe6 Qf5 33.
Re3 axb4 34. axb4 Ra1+ 35. Kh2 Qb1 36. g4 Qg1+ 37. Kg3 Rf1 38. Re8+ Kf7 39. Qe2
Nxf4 40. Re7+ Kg6 41. Qc2+ Kh6 42. h4 Rc1 43. g5+ fxg5 44. hxg5+ Kxg5 45. Re5+
Kh6 46. Qd2 Qxg2+ 47. Qxg2 Nxg2 0-1

[Event "Oberliga Ost A"]
[Site "?"]
[Date "2021.10.10"]
[Round "1.7"]
[White "Hutsch, Oliver"]
[Black "Heyme, Sibylle"]
[Result "1-0"]
[WhiteElo "2135"]
[BlackElo "2027"]
[PlyCount "55"]
[EventDate "2021.10.10"]
[EventType "team-tourn"]
[EventCountry "GER"]
[WhiteTeam "Dresden SG Gruen Weiss"]
[BlackTeam "Hoyerswerda FVS ASP"]
[WhiteTeamCountry "GER"]
[BlackTeamCountry "GER"]

1. d4 Nf6 2. g3 g6 3. Bg2 Bg7 4. c4 d6 5. Nc3 Nbd7 6. Nf3 O-O 7. O-O c6 8. Qc2
Qc7 9. b3 Re8 10. Bb2 e5 11. dxe5 dxe5 12. e4 Nf8 13. Nd1 N6d7 14. Ne3 Ne6 15.
Rad1 a5 16. Ba3 Nec5 17. Ne1 b6 18. Nd3 Ne6 19. f4 Nd4 20. Qf2 exf4 21. Nxf4
Nc5 22. Ned5 cxd5 23. Nxd5 Qe5 24. Bb2 Ne2+ 25. Kh1 Nxg3+ 26. hxg3 Qh5+ 27. Kg1
Be6 28. Nf6+ 1-0

[Event "Oberliga Ost A"]
[Site "?"]
[Date "2021.10.10"]
[Round "1.8"]
[White "Hassemeier, Mika"]
[Black "Salewski, Bernd"]
[Result "1-0"]
[WhiteElo "2095"]
[BlackElo "1988"]
[PlyCount "77"]
[EventDate "2021.10.10"]
[EventType "team-tourn"]
[EventCountry "GER"]
[WhiteTeam "Hoyerswerda FVS ASP"]
[BlackTeam "Dresden SG Gruen Weiss"]
[WhiteTeamCountry "GER"]
[BlackTeamCountry "GER"]

1. d4 d5 2. c4 c6 3. Nc3 Nf6 4. Nf3 g6 5. Bf4 Bg7 6. e3 O-O 7. Bd3 dxc4 8. Bxc4
Bg4 9. h3 Bxf3 10. Qxf3 Nbd7 11. O-O Qa5 12. Qe2 Qh5 13. Qc2 g5 14. Be2 Qh6 15.
Bh2 Nb6 16. e4 Rad8 17. Rad1 Nh5 18. e5 Nf4 19. Bxf4 gxf4 20. Bf3 Rd7 21. a4 a5
22. Qb3 Nc8 23. Rfe1 e6 24. Ne4 b6 25. Qc4 Ne7 26. Nd6 Rc7 27. Rc1 Nd5 28. Bxd5
exd5 29. Qb3 Rb8 30. Qf3 Qg5 31. Rc2 Bf8 32. Rec1 Bxd6 33. exd6 Rd7 34. Rxc6
Rbd8 35. Rxb6 Rxd6 36. Rxd6 Rxd6 37. Rc5 Qd8 38. Qg4+ Rg6 39. Rc8 1-0

[Event "Oberliga Ost A"]
[Site "?"]
[Date "2021.10.10"]
[Round "1.1"]
[White "Strache, Michael"]
[Black "Becker, Michael"]
[Result "1-0"]
[WhiteElo "2292"]
[BlackElo "2280"]
[PlyCount "111"]
[EventDate "2021.10.10"]
[EventType "team-tourn"]
[EventCountry "GER"]
[WhiteTeam "Sangerhausen SV"]
[BlackTeam "Halle USV"]
[WhiteTeamCountry "GER"]
[BlackTeamCountry "GER"]

1. Nf3 c5 2. g3 Nc6 3. Bg2 g6 4. O-O Bg7 5. d3 d6 6. e4 e5 7. c3 Nge7 8. a3 O-O
9. b4 b6 10. Nbd2 h6 11. b5 Na5 12. d4 a6 13. a4 axb5 14. axb5 Bd7 15. dxc5
dxc5 16. c4 Be6 17. Qc2 Qc7 18. Bb2 Rad8 19. Rfe1 Rd7 20. Bf1 g5 21. Bc3 Nb7
22. Ra7 Ng6 23. Re3 Qb8 24. Ra6 Nd6 25. Qb2 Nc8 26. Rd3 Rxd3 27. Bxd3 Rd8 28.
Be2 Nce7 29. Ne1 f5 30. Nd3 Bc8 31. Ra2 fxe4 32. Nxe4 Nf5 33. Ne1 Nd4 34. Bh5
Ne7 35. Bxd4 exd4 36. Qe2 Qc7 37. Nd3 Bf5 38. Ra6 Rf8 39. h4 gxh4 40. g4 Bc8
41. Ra8 h3 42. f4 Rxf4 43. Nxf4 Qxf4 44. g5 d3 45. Nf6+ Qxf6 46. gxf6 dxe2 47.
Bxe2 Kf7 48. fxg7 Kxg7 49. Rb8 Kf6 50. Rxb6+ Kg5 51. Kh2 h5 52. Bf1 Kh4 53. Rf6
Kg5 54. Rf7 Ng6 55. Rc7 Bg4 56. Bxh3 1-0

[Event "Oberliga Ost A"]
[Site "?"]
[Date "2021.10.10"]
[Round "1.2"]
[White "Hoepfl, Thomas"]
[Black "Engelmann, Jakob"]
[Result "1/2-1/2"]
[WhiteElo "2266"]
[BlackElo "2272"]
[PlyCount "61"]
[EventDate "2021.10.10"]
[EventType "team-tourn"]
[EventCountry "GER"]
[WhiteTeam "Halle USV"]
[BlackTeam "Sangerhausen SV"]
[WhiteTeamCountry "GER"]
[BlackTeamCountry "GER"]

1. e4 c6 2. d4 d5 3. e5 Bf5 4. h4 Qb6 5. g4 Bd7 6. c4 h5 7. g5 Bf5 8. Nc3 dxc4
9. Bxc4 e6 10. Nge2 Na6 11. a3 Ne7 12. Be3 Nd5 13. Nxd5 exd5 14. Bd3 Bxd3 15.
Qxd3 c5 16. O-O c4 17. Qc2 Qe6 18. Qa4+ Kd8 19. Rfc1 Nc7 20. b3 b5 21. Qa5 f6
22. a4 a6 23. Nf4 Qg4+ 24. Kf1 Kd7 25. bxc4 dxc4 26. Qb6 Bb4 27. e6+ Nxe6 28.
Nxe6 Qh3+ 29. Ke2 Qxe6 30. Qb7+ Kd6 31. axb5 1/2-1/2